| 000 | 00813nam a22002177a 4500 | ||
|---|---|---|---|
| 003 | OSt | ||
| 005 | 20250811073954.0 | ||
| 008 | 240601b |||||||| |||| 00| 0 eng d | ||
| 020 | _a9780890426763 | ||
| 040 |
_aDWCL-Main lib. _cOC |
||
| 082 | _aCirc. 616.89 D536 2022 | ||
| 110 | _aAmerican Psychiatric Association | ||
| 245 |
_aDiagnostic and statistical manual of mental disorders : _bDSM-5-TR / _cAmerican Psychiatric Association |
||
| 250 | _a5th edition | ||
| 260 |
_aWashington, DC : _bAmerican Psychiatric Association Publishing, _cc2022. |
||
| 300 |
_alxix, 1050 pages : _billustrations ; _c29cm. |
||
| 504 | _aIncludes index. | ||
| 650 | _a1. MEASH : Diagnostic and statistical manual of mental disorder | ||
| 650 | _a 2. Mental disorder classification. | ||
| 942 |
_2ddc _cBK-CIRC _kCirc. _n0 _e5th edition |
||
| 999 |
_c81 _d81 |
||